000 00290nam a22001337a 4500
008 170706b xxu||||| |||| 00| 0 eng d
020 _a9780673294319
041 _aeng
080 _a82
100 _a22
101 _aGJL
245 _aWORLD WRITERS TODAY
_cFORESMAN.S
942 _2udc
_cBK
999 _c19935
_d19935